[Event "Yuri Razuvaev Mem 2020"]
[Site "chess.com INT"]
[Date "2020.11.06"]
[Round "2.3"]
[White "Motylev, Alexander"]
[Black "Potkin, Vladimir"]
[Result "1-0"]
[WhiteElo "2701"]
[BlackElo "2635"]
[EventDate "2020.11.06"]

1. e4 e5 2. Nf3 Nc6 3. Bb5 g6 4. d4 exd4 5. Bg5 Be7 6. Bxe7 Qxe7 7. O-O Nf6
8. Re1 O-O 9. Bxc6 dxc6 10. Qxd4 Bg4 11. Qe5 Rfe8 12. Qxe7 Rxe7 13. Nfd2
Rd8 14. f3 Be6 15. Nf1 Nd7 16. Nc3 Ne5 17. Ne3 b5 18. a3 a5 19. Rad1 Rb8
20. b3 Ree8 21. Rd2 Nd7 22. Red1 Nc5 23. Ne2 b4 24. a4 Kf8 25. Nd4 Bd7 26.
Nc4 Ra8 27. Kf2 f6 28. Ne2 Be6 29. Ne3 Ke7 30. Nf4 Bf7 31. Nd3 Nxd3+ 32.
Rxd3 Be6 33. g4 Kf7 34. f4 Re7 35. f5 Bc8 36. Kf3 Bb7 37. Rd7 Re8 38. Rxe7+
Rxe7 39. Rd8 c5 40. Nd5 Bxd5 41. Rxd5 gxf5 42. gxf5 c6 43. Rxc5 Rd7 44.
Rxa5 Rd2 45. Rc5 Rxh2 46. a5 h5 47. a6 Rd2 48. Rxc6 Rd7 49. Rb6 1-0

[Event "Yuri Razuvaev Mem 2020"]
[Site "chess.com INT"]
[Date "2020.11.06"]
[Round "5.1"]
[White "Potkin, Vladimir"]
[Black "Kramnik, Vladimir"]
[Result "0-1"]
[WhiteElo "2635"]
[BlackElo "2837"]
[EventDate "2020.11.06"]

1. c4 e6 2. Nc3 Bb4 3. Qb3 Ba5 4. Nf3 Nf6 5. d4 b6 6. Bg5 Bb7 7. e3 h6 8.
Bh4 g5 9. Bg3 Ne4 10. Nd2 Nxd2 11. Kxd2 Nc6 12. Rd1 d6 13. Kc1 Ne7 14. f3
Qd7 15. e4 O-O-O 16. Kb1 f5 17. exf5 Nxf5 18. Bf2 Bxc3 19. Qxc3 h5 20. Bd3
Rdf8 21. Rhe1 g4 22. Be4 gxf3 23. Bxb7+ Kxb7 24. Qxf3+ d5 25. cxd5 exd5 26.
Re5 Nxd4 27. Qe3 Qh7+ 28. Qd3 Rxf2 29. Qxh7 Rxh7 30. Rxd4 Rxg2 31. Rdxd5
Rxh2 32. a4 c6 33. Rd6 h4 34. Ree6 Rg2 35. Rxc6 h3 36. Rh6 Rgg7 37. Rcg6
Rc7 38. Rc6 Kb8 0-1

[Event "Yuri Razuvaev Mem 2020"]
[Site "chess.com INT"]
[Date "2020.11.06"]
[Round "7.1"]
[White "Tomashevsky, Evgeny"]
[Black "Kramnik, Vladimir"]
[Result "1/2-1/2"]
[WhiteElo "2865"]
[BlackElo "2837"]
[EventDate "2020.11.06"]

1. Nf3 Nf6 2. c4 e6 3. b3 b6 4. Bb2 Bb7 5. e3 Be7 6. Be2 O-O 7. O-O d5 8.
Nc3 c5 9. d4 cxd4 10. Nxd4 dxc4 11. Bxc4 Nc6 12. Nxc6 Bxc6 13. Qe2 Qc8 14.
Rac1 a6 15. e4 Qb7 16. Bd3 Rfd8 17. Rfd1 b5 18. f3 Nd7 19. Qe1 Nc5 20. Bf1
a5 21. Ne2 Rxd1 22. Rxd1 b4 23. Nf4 Nd7 24. Nd3 Bb5 25. Ne5 Nxe5 26. Bxe5
f6 27. Bd4 Rd8 28. Be3 Rxd1 29. Qxd1 Kf7 30. Bxb5 Qxb5 31. Kf2 Qe5 32. h3
Bc5 33. Qd7+ Be7 34. Qd4 Qc7 35. Ke2 a4 36. Qd3 axb3 37. axb3 Qg3 38. Kf1
Qc7 39. Ke2 Qg3 40. Kf1 Qc7 41. Ke2 1/2-1/2

[Event "Yuri Razuvaev Mem 2020"]
[Site "chess.com INT"]
[Date "2020.11.06"]
[Round "8.1"]
[White "Tomashevsky, Evgeny"]
[Black "Kramnik, Vladimir"]
[Result "0-1"]
[WhiteElo "2865"]
[BlackElo "2837"]
[EventDate "2020.11.06"]

1. e4 e6 2. d4 d5 3. Nd2 dxe4 4. Nxe4 Nd7 5. Nf3 Ngf6 6. Nxf6+ Nxf6 7. Be3
Bd6 8. Bd3 b6 9. Qe2 Bb7 10. O-O-O O-O 11. Ne5 c5 12. h4 Qc7 13. Bg5 Nd5
14. Rhe1 cxd4 15. Qe4 f5 16. Qxd4 Bc5 17. Qa4 Bxf2 18. Re2 Bg3 19. Nf3 Nf4
20. Re3 Nxg2 21. Rxe6 Bxf3 22. Re7 Bf4+ 23. Kb1 Bxd1 24. Rxc7 Bxc7 25. Qd7
Bf4 26. Be7 Ne3 27. Qd4 Bh6 28. Bxf8 Rxf8 29. a4 Bh5 30. a5 bxa5 31. Qxa7
f4 32. Qxa5 Bg6 33. Qa2+ Kh8 34. Qa3 Rg8 35. Bxg6 hxg6 36. Qb3 f3 37. Qf7
Nf5 38. Qxg6 Rf8 0-1

[Event "Yuri Razuvaev Mem 2020"]
[Site "chess.com INT"]
[Date "2020.11.06"]
[Round "8.2"]
[White "Kramnik, Vladimir"]
[Black "Tomashevsky, Evgeny"]
[Result "1/2-1/2"]
[WhiteElo "2837"]
[BlackElo "2865"]
[EventDate "2020.11.06"]

1. Nf3 Nf6 2. g3 d5 3. Bg2 c6 4. d3 Bf5 5. Nh4 Bg4 6. h3 Bh5 7. g4 Bg6 8.
f4 e6 9. e3 Nfd7 10. Nxg6 hxg6 11. Nd2 Qh4+ 12. Ke2 Bd6 13. Nf3 Qe7 14. d4
c5 15. c3 Nc6 16. g5 Nb6 17. h4 O-O-O 18. a4 Bc7 19. a5 Nc4 20. a6 b6 21.
Qa4 Qe8 22. Ne5 b5 23. Qd1 f6 24. Nxc6 Qxc6 25. Qd3 e5 26. Qxg6 exf4 27.
Qxg7 Rhe8 28. Qxf6 Rd6 29. Qxf4 cxd4 30. cxd4 Rde6 31. Qf5 Nd6 32. Qd3 Kb8
33. Bd2 Nc4 34. Rh3 Bf4 35. Rc1 Qxa6 36. Bxd5 Bxe3 37. Bxe3 Rxe3+ 38. Rxe3
Rxe3+ 39. Qxe3 Nxe3 40. Kxe3 Qd6 41. Bf3 Qh2 42. g6 Qxh4 43. Rg1 Qh6+ 44.
Ke2 Qg7 45. Kd3 Kc7 46. Rc1+ Kb6 47. b4 a6 48. Rc6+ Ka7 49. Re6 Qf8 50. Ke4
a5 51. bxa5 b4 52. Rb6 Qe8+ 53. Kd3 b3 54. Rxb3 Qxg6+ 55. Be4 Qg3+ 56. Kc4
Qc7+ 57. Kd3 Qg3+ 58. Kc4 Qc7+ 59. Kd3 Qg3+ 1/2-1/2